000 00763 a2200193 4500
999 _c8855
_d8855
020 _a9780987012739
050 _aHF2413 HAR 2011
100 _aHartzenberg, Trudi
_eauthor
110 _aTrade Law Centre for Southern Africa.
245 _aCape to Cairo :
_bmaking the Tripartite Free Trade Area work /
_cTrudi Hartzenberg; Trade Law Centre for Southern Africa
264 _aStellenbosch, South Africa :
_bTralac,
_c2011
300 _avi, 278 pages :
_billustrations
500 _aIncludes bibliographical references
650 _a Free trade
_x Africa, Southern.
650 _aFree trade
_xAfrica, Eastern.
650 _aAfrica, Eastern
_xEconomic integration.
700 _aHartzenberg, Trudi... [and others].
_eauthor
942 _2lcc
_cBK
_h2413
_iHAR
_kHF